Every Best Actor Oscar Winner by Picture - Statistics

General Stats
  • This quiz has been taken 575 times
  • The average score is 47 of 82
Answer Stats
Picture Answer % Correct
Leonardo DiCaprio
99%
Tom Hanks
99%
Anthony Hopkins
94%
Nicolas Cage
94%
Denzel Washington
93%
Robert De Niro
93%
Jack Nicholson
91%
Al Pacino
90%
Jamie Foxx
88%
Kevin Spacey
88%
Rami Malek
88%
Russell Crowe
88%
Matthew McConaughey
86%
Sean Penn
86%
Colin Firth
85%
Michael Douglas
85%
Jeff Bridges
84%
Marlon Brando
84%
Ben Kingsley
81%
Forest Whitaker
81%
Adrien Brody
80%
Daniel Day-Lewis
80%
Eddie Redmayne
80%
Dustin Hoffman
79%
Gary Oldman
78%
Philip Seymour Hoffman
76%
Sidney Poitier
75%
Clark Gable
72%
Humphrey Bogart
71%
Jon Voight
69%
James Stewart
68%
Paul Newman
68%
Robert Duvall
68%
Gene Hackman
66%
John Wayne
66%
Jeremy Irons
65%
Casey Affleck
63%
Yul Brynner
63%
Geoffrey Rush
62%
Jack Lemmon
61%
Alec Guinness
57%
Richard Dreyfuss
57%
Roberto Benigni
57%
William Hurt
56%
Spencer Tracy
55%
Burt Lancaster
54%
Charlton Heston
53%
David Niven
53%
Ernest Borgnine
51%
Gregory Peck
51%
Henry Fonda
51%
James Cagney
49%
Bing Crosby
47%
Lee Marvin
47%
Jean Dujardin
43%
F. Murray Abraham
42%
Laurence Olivier
41%
Gary Cooper
39%
George C. Scott
38%
Charles Laughton
36%
Rex Harrison
34%
Rod Steiger
34%
William Holden
33%
Maximilian Schell
32%
Peter Finch
28%
Ray Milland
27%
Cliff Robertson
26%
Emil Jannings
26%
José Ferrer
26%
Lionel Barrymore
26%
Fredric March
25%
Paul Muni
24%
Ronald Colman
24%
George Arliss
23%
Paul Scofield
23%
Art Carney
22%
Broderick Crawford
22%
Victor McLaglen
22%
Wallace Beery
22%
Paul Lukas
20%
Robert Donat
19%
Warner Baxter
18%
No matching quizzes found
Score Distribution
Percent of People with Each Score
Percentile by Number Answered
Your Score History
You have not taken this quiz